<?xml version="1.0" encoding="UTF-8"?>
<collection xmlns="http://www.loc.gov/MARC21/slim">
<record>
  <controlfield tag="001">163338</controlfield>
  <controlfield tag="005">20251028143403.0</controlfield>
  <datafield tag="024" ind1="8" ind2=" ">
    <subfield code="2">innovaciondocente</subfield>
    <subfield code="a">5244</subfield>
  </datafield>
  <datafield tag="037" ind1=" " ind2=" ">
    <subfield code="a">INNODOC-2024-5244</subfield>
  </datafield>
  <datafield tag="041" ind1=" " ind2=" ">
    <subfield code="a">spa</subfield>
  </datafield>
  <datafield tag="100" ind1=" " ind2=" ">
    <subfield code="0">(orcid)0000-0002-2887-2105</subfield>
    <subfield code="a">Martínez Ruiz, Ignacio</subfield>
    <subfield code="e">coord.</subfield>
  </datafield>
  <datafield tag="245" ind1=" " ind2=" ">
    <subfield code="a">Diseño de actividades de enseñanza-aprendizaje y evaluación de la competencia transversal "Innovación y Creatividad" en la asignatura "Internet para las Cosas"</subfield>
  </datafield>
  <datafield tag="260" ind1=" " ind2=" ">
    <subfield code="a">Zaragoza</subfield>
    <subfield code="b">Universidad de Zaragoza</subfield>
    <subfield code="c">2024</subfield>
  </datafield>
  <datafield tag="520" ind1="3" ind2=" ">
    <subfield code="a">A partir del Real Decreto 822/2021, de 28 de septiembre, por el que se establece la organización de las enseñanzas universitarias y del procedimiento de aseguramiento de su calidad, la Universidad de Zaragoza ha planteado el Sello 1+5 UNIZAR en el que se definen las competencias transversales que identifican el perfil de egreso propio de nuestra universidad. El coordinador de este proyecto ha trabajado durante los últimos años en desarrollar competencias transversales en el aula, ha participado en el grupo de trabajo que ha elaborado el Sello 1+5 UNIZAR y ha impartido recientemente el curso 2324P06 “Sello 1+5 UNIZAR de competencias trasversales: innovación y creatividad” del Programa General de Formación del Profesorado 2023-2024 (oct – dic 2023).  En este contexto, se plantea este proyecto de innovación docente para diseñar actividades de enseñanza-aprendizaje y rúbricas de evaluación, asociadas a dicha competencia “Innovación y Creatividad” en la asignatura “Internet para las Cosas” del Máster Universitario en Ingeniería de Diseño de Producto. Para ello:  -   se propondrán diversas metodologías activas orientadas a la     adquisición de esta competencia transversal. -   se plantearán rúbricas para evaluar la adquisición de la competencia     (y en su caso, valorar ser asignatura “punto control”) aplicando los     documentos propuestos desde el Vicerrectorado de Política Académica     de la Universidad de Zaragoza. -   se documentará la experiencia para que pueda extrapolarse a otras     asignaturas y titulaciones y sirva para replicar el desarrollo de la     competencia “Innovación y Creatividad” en la Universidad de     Zaragoza.</subfield>
  </datafield>
  <datafield tag="700" ind1=" " ind2=" ">
    <subfield code="0">(orcid)0000-0002-9541-5609</subfield>
    <subfield code="a">Zúñiga Antón, María</subfield>
  </datafield>
  <datafield tag="700" ind1=" " ind2=" ">
    <subfield code="0">(orcid)0000-0001-5545-7006</subfield>
    <subfield code="a">Ortega Lapiedra, Raquel</subfield>
  </datafield>
  <datafield tag="856" ind1="4" ind2=" ">
    <subfield code="s">131137</subfield>
    <subfield code="u">http://zaguan.unizar.es/record/163338/files/memoria_PICT_2024_5244.pdf</subfield>
    <subfield code="y">Memoria del proyecto</subfield>
  </datafield>
  <datafield tag="970" ind1=" " ind2=" ">
    <subfield code="a">INNODOC-2024-5244</subfield>
  </datafield>
  <datafield tag="980" ind1=" " ind2=" ">
    <subfield code="a">INNODOC</subfield>
    <subfield code="b">PICT</subfield>
  </datafield>
</record>
</collection>